Isles of the dead? : the setting and function of the Bronze Age chambered cairns and cists of the Isles of Scilly /
The number and density of megalithic chambered cairns in the Isles of Scilly, a tiny archipelago that forms the most south-westerly part of the British Isles, has been remarked upon since the 18th century. 'Isles of the Dead?' examines these sites, generally known as entrance graves, and t...
المؤلف الرئيسي:
التنسيق: كتاب الكتروني
اللغة: English
منشور في:
Oxford :
Archaeopress Publishing Ltd,
[2015]
سلاسل:
Archaeopress archaeology.
الموضوعات:
الوصول للمادة أونلاين: Login to view Source
الوسوم: إضافة وسم
رقم الطلب: GN776.22
| LEADER | 02144nam a2200433 i 4500 | ||
|---|---|---|---|
| 001 | EDZ0001355561 | ||
| 003 | StDuBDS | ||
| 005 | 20230412181539.0 | ||
| 006 | m|||||o||d|||||||| | ||
| 007 | cr ||||||||||| | ||
| 008 | 160314t20152015enka fob 000|0|eng|d | ||
| 020 | |a 9781784911140 (PDF ebook) : |c No price | ||
| 040 | |a StDuBDS |b eng |c StDuBDS |e rda |e pn | ||
| 050 | 4 | |a GN776.22 | |
| 082 | 0 | 4 | |a 936.2379 |2 23 |
| 100 | 1 | |a Sawyer, Katharine, |e author. | |
| 245 | 1 | 0 | |a Isles of the dead? : |b the setting and function of the Bronze Age chambered cairns and cists of the Isles of Scilly / |c Katharine Sawyer. |
| 264 | 1 | |a Oxford : |b Archaeopress Publishing Ltd, |c [2015] | |
| 264 | 4 | |c ©2015 | |
| 300 | |a 1 online resource : |b illustrations (black and white, and colour). | ||
| 336 | |a text |2 rdacontent | ||
| 336 | |a still image |2 rdacontent | ||
| 337 | |a computer |2 rdamedia | ||
| 338 | |a online resource |2 rdacarrier | ||
| 490 | 1 | |a Archaeopress archaeology | |
| 504 | |a Includes bibliographical references. | ||
| 520 | 8 | |a The number and density of megalithic chambered cairns in the Isles of Scilly, a tiny archipelago that forms the most south-westerly part of the British Isles, has been remarked upon since the 18th century. 'Isles of the Dead?' examines these sites, generally known as entrance graves, and the associated cist graves. Their physical structure and contents, as well as their landscape setting, orientation and inter-visibility, are discussed. | |
| 521 | |a Specialized. | ||
| 588 | |a Description based on online resource; title from home page (viewed on March 15, 2016). | ||
| 650 | 0 | |a Bronze age |z England |z Isles of Scilly. | |
| 650 | 0 | |a Cairns |z England |z Isles of Scilly. | |
| 650 | 0 | |a Cists (Boxes) |z England |z Isles of Scilly. | |
| 651 | 0 | |a Isles of Scilly (England) |x Antiquities. | |
| 776 | 0 | 8 | |i Print version : |z 9781784911133 |
| 830 | 0 | |a Archaeopress archaeology. | |
| 856 | 4 | 0 | |3 Archaeopress |u http://library.arce.org:8087/Archaeopress/Products/9781784911133 |
| 942 | |2 lcc |c EBOOK | ||
| 952 | |0 0 |1 0 |4 0 |6 GN077622 |7 1 |9 46055 |a ARCH |b ARCH |d 2023-04-12 |l 0 |o GN776.22 |r 2023-04-12 00:00:00 |w 2023-04-12 |y EBOOK | ||
| 999 | |c 51713 |d 51713 | ||
